| 000 | 00757nam a22002057a 4500 | ||
|---|---|---|---|
| 005 | 20241129150804.0 | ||
| 010 | _aENG-142732 | ||
| 020 |
_a9789393766342 _c490.00 |
||
| 035 | _aEN-126264 | ||
| 037 | _bDBAD | ||
| 082 | _a346.0823 | ||
| 100 |
_aPamecha, Vijay Kumar _974419 |
||
| 245 |
_aFORMATION, REGISTRATION & MANAGEMENT OF N.B.F.C./ _bBy Vijay Kumar Pamecha |
||
| 250 | _a1 | ||
| 260 |
_aMadhya Pradesh _bXcess Infostore Pvt. Ltd. _c2023 |
||
| 270 |
_a213, Silver Mall , Block B,8/A,R.N.T. Marg, Indore _bMadhya Pradesh _e452001 _k9826012052 _k94794724245 _minfo@xcessbooks.com |
||
| 300 |
_a146p. _c21cm(pb) |
||
| 500 | _aNon-Banking Financial Companies As per RBI Regulations & Directions | ||
| 942 |
_2ddc _cEN _h346.0823 _mPAM |
||
| 999 |
_c207255 _d207255 |
||